000 00918nam a2200253 a 4500
003 OSt
005 20230905144133.0
007 ta
008 230206s2009 mx a||||||||| 001 0 spa d
020 _a9786071700223
040 _cCHAP
082 0 0 _222
_a633.5
_bC96 2009
245 0 0 _aCultivos de fibras /
_cbasado en el trabajo de Alberto Sánchez Potes; colaboración F. R. Kirchner Salinas...[y otros tres]
250 _aTercera edición.
264 1 _aMéxico :
_bTrillas,
_c2009.
300 _a101 páginas:
_bIlustraciones.
490 1 _aManuales para educación agropecuaria.
_vProducción vegetal.
504 _aBibliografía páginas: 99-101
650 4 _9187371
_aFibras vegetales
_xProducción
700 1 _9107765
_aSánchez Potes, Alberto
700 1 _9131124
_aKirchner Salinas, F. R.
_eColaborador.
830 _9142161
_aManuales para educación agropecuaria
_vProducción vegetal
942 _cLibro
_2ddc
999 _c218271
_d218271